| 000 | 00402pab a2200157 454500 | ||
|---|---|---|---|
| 008 | 180718b1999 xxu||||| |||| 00| 0 eng d | ||
| 100 | _aXaxa, Virginius | ||
| 245 | _aTransformation of tribes in India: terms of discourse | ||
| 260 | _c1999 | ||
| 300 | _ap.1519-524 | ||
| 362 | _a12 Jun | ||
| 650 | _aTribes - India | ||
| 650 | _aTribes | ||
| 773 | _aEconomic and Political Weekly | ||
| 909 | _a41362 | ||
| 999 |
_c41362 _d41362 |
||